00525cam a22002171 4500001001300000003000400013005001700017008004100034010001700075025001800092035002000110040002100130042001200151050001800163100003300181245002900214260001100243300002200254500001400276999001700290sa 68009689 DLC20260227112545.0940822s1967 ii 000 1 orio  asa 68009689  aPL480:I-O-827 a(OCoLC)30990587 aDLCcCUdCUdDLC apremarc00aAC125.O7bM531 aMisra, Gopal Chandra,d1925-10aJībana o saṃskr̥ti. c[1967] a4, 146 p.c22 cm. aIn Oriya. c83077d83077